Islamic resurgence in Malaysia / (Record no. 911)

000 -LEADER
fixed length control field nam a22 a 4500
003 - CONTROL NUMBER IDENTIFIER
control field AKMAL
005 - DATE AND TIME OF LATEST TRANSACTION
control field 20170505165123.0
008 - FIXED-LENGTH DATA ELEMENTS--GENERAL INFORMATION
fixed length control field 170505s1987 my e bi 001 0 eng d
020 ## - INTERNATIONAL STANDARD BOOK NUMBER
International Standard Book Number 9676500275 (pbk.)
039 #9 - LEVEL OF BIBLIOGRAPHIC CONTROL AND CODING DETAIL [OBSOLETE]
Level of rules in bibliographic description 201108031414
Level of effort used to assign nonsubject heading access points manoriah
Level of effort used to assign subject headings 201108011520
Level of effort used to assign classification sofia
Level of effort used to assign subject headings 200709251223
Level of effort used to assign classification pmmalaysiana
Level of effort used to assign subject headings 200605101148
Level of effort used to assign classification marzihan
040 ## - CATALOGING SOURCE
Original cataloging agency AKMAL
Transcribing agency AKMAL
043 ## - GEOGRAPHIC AREA CODE
Geographic area code a-my---
049 00 - LOCAL HOLDINGS (OCLC)
Holding library malpma
082 04 - DEWEY DECIMAL CLASSIFICATION NUMBER
Classification number 297.1959 MUZ
Edition number 21
090 00 - LOCALLY ASSIGNED LC-TYPE CALL NUMBER (OCLC); LOCAL CALL NUMBER (RLIN)
Classification number (OCLC) (R) ; Classification number, CALL (RLIN) (NR) 297.1959
Local cutter number (OCLC) ; Book number/undivided call number, CALL (RLIN) MUZ
100 0# - MAIN ENTRY--PERSONAL NAME
Personal name Chandra Muzaffar
9 (RLIN) 1947
245 10 - TITLE STATEMENT
Title Islamic resurgence in Malaysia /
Statement of responsibility, etc. Chandra Muzaffar ; A. Nazri Abdullah
260 ## - PUBLICATION, DISTRIBUTION, ETC.
Place of publication, distribution, etc. Petaling Jaya :
Name of publisher, distributor, etc. Fajar Bakti,
Date of publication, distribution, etc. 1987
300 ## - PHYSICAL DESCRIPTION
Extent x, 114p. ;
Dimensions 22cm.
500 ## - GENERAL NOTE
General note Includes index
504 ## - BIBLIOGRAPHY, ETC. NOTE
Bibliography, etc. note Bibliography: p. [109]-112
650 10 - SUBJECT ADDED ENTRY--TOPICAL TERM
Topical term or geographic name entry element Islam
Geographic subdivision Malaysia
9 (RLIN) 1948
650 20 - SUBJECT ADDED ENTRY--TOPICAL TERM
Topical term or geographic name entry element Islam and social problems
Geographic subdivision Malaysia
9 (RLIN) 1949
650 20 - SUBJECT ADDED ENTRY--TOPICAL TERM
Topical term or geographic name entry element Islam and politics
Geographic subdivision Malaysia
9 (RLIN) 131
700 1# - ADDED ENTRY--PERSONAL NAME
Personal name A. Nazri Abdullah
9 (RLIN) 1950
942 ## - ADDED ENTRY ELEMENTS (KOHA)
Source of classification or shelving scheme
Koha item type Book
Holdings
Withdrawn status Lost status Source of classification or shelving scheme Damaged status Not for loan Collection code Home library Current library Date acquired Inventory number Total Checkouts Full call number Barcode Date last seen Price effective from Koha item type
          NON-FICTION AKMAL Melaka AKMAL Melaka 05.05.2017 200108   297.1959 MUZ 201701947 05.05.2017 05.05.2017 Book
Pusat Sumber Maklumat Dato' Haji Sarmin Md Hussin, Akademi Kastam Diraja Malaysia, Melaka
Tel: 06-2331106 | Faks: 06-2313787